| 000 | 00390 a2200157 4500 | ||
|---|---|---|---|
| 003 | Nust | ||
| 005 | 20170207153552.0 | ||
| 040 | _cNust | ||
| 082 | _a005.1 | ||
| 100 | _aRehman, Muhammad Atique Ur MSCS-14 | ||
| 245 |
_aMilitary uniform detection _cMuhammad Atique Ur Rehman, MSCS-14 |
||
| 260 |
_bMCS _cDecember 2010 |
||
| 300 | _aix, 52 | ||
| 538 | _aT2 and Shelf No 1 | ||
| 650 | _aMSCS Thesis | ||
| 942 | _cTHS | ||
| 999 |
_c188926 _d188926 |
||